00329nam a2200145Ia 4500008004100000084001100041100002100052245001600073250002000089260000900109260000900118260001100127300001000138500003500148180424s9999 xx 000 0 und d aT22 P2 a"Parimanam, A M" 0aPurananooru a\\200400TAMGPMX aNCBH b2004 cMadras a488p. aincludes index and biblioraphy